000 00374nam a22001217a 4500
040 _cRUA
082 _aUNI PET 2004 C108 Or.
100 _aPETER FELLOWS,
245 _aSmall-Scale root crops and tubers processing and products Production methods, equipment and quality assurance practices,
260 _aPHNOM PENH
_bRUA
_c2004
300 _a91p.
_bill.
_c29cm.
942 _cEK
999 _c25438
_d25438